Szczegóły MARC21

Shakespeare : Macbeth /

005 -DATA I CZAS OSTATNIEJ MODYFIKACJI [,]
    • @
    • pole kontrolne
    • 20090925114510.0
020 -Międzynarod. znormalizowany nr książki - ISBN [ , ]
    • a
    • Numer ISBN
    • 9781403999245 Find
020 -Międzynarod. znormalizowany nr książki - ISBN [ , ]
    • a
    • Numer ISBN
    • 9781403999252 (pbk) Find
020 -Międzynarod. znormalizowany nr książki - ISBN [ , ]
    • a
    • Numer ISBN
    • 1403999244 Find
020 -Międzynarod. znormalizowany nr książki - ISBN [ , ]
    • a
    • Numer ISBN
    • 1403999252 (pbk) Find
040 -Instytucja sporządzająca opis [ , ]
    • a
    • Instytucja, która sporządziła opis (NP)
    • SZCZ U/DL
    • c
    • Instytucja, która sporządziła rekord (NP)
    • SZCZ U/DL
    • d
    • Instytucja, która zmodyfikowała rekord (P)
    • SZCZ U/OG
041 -Język dokumentu [0, ]
    • a
    • Język tekstu (P)
    • angielski
044 -Kraj miejsca wydania [ , ]
    • a
    • Kraj miejsca wydania
    • Wielka Brytania
942 -Rodzaj dokumentu [ , ]
    • c
    • Rodzaj dokumentu
    • Książka
245 -Strefa tytułu i oznaczenia odpowiedzialności [0,0]
    • a
    • Tytuł
    • Shakespeare : Find
    • b
    • Ciąg dalszy tytułu (NP)
    • Macbeth / Find
    • c
    • Pozostałe elementy strefy tytułu i oznaczenia odpowiedzialności (NP)
    • consultant ed., Nicolas Tredell.
260 -Strefa adresu wydawniczego [ , ]
    • a
    • Miejsce wydania (P)
    • Basingstoke ;
    • a
    • Miejsce wydania (P)
    • New York :
    • b
    • Nazwa wydawcy (P)
    • Palgrave Macmillan,
    • c
    • Data wydania (P)
    • 2006.
300 -Strefa opisu fizycznego [ , ]
    • a
    • Określenie formy książki i/lub objętość (NP)
    • XI, 177 s. ;
    • c
    • Format (NP)
    • 23 cm.
440 -Strefa serii i książki wielotomowej - forma do wyszukiwania [ ,0]
    • 9
    • KHW
    • 1042
    • a
    • Tytuł (NP)
    • Readers' Guides to Essential Criticism Find
504 -Uwaga dot. bibliogr. załącznikowej [ , ]
    • a
    • Uwaga dot. bibliografii załącznikowej
    • Bibliogr. Ind.
080 -Uniwersalna Klasyfikacja Dziesiętna [ , ]
    • 2
    • Identyfikator wydania tablic
    • UDC-P058
    • a
    • Symbol klasyfikacji
    • 821.111(091)-2
    • b
    • Dopowiedzenie
    • Literatura angielska (historia). - Utwory dramatyczne. Scenariusze filmowe.
    • x
    • Poddział wspólny
    • "16"
    • b
    • Dopowiedzenie
    • Wiek XVII.
    • 9
    • UKD
    • 9608
    • 4
    • UKD2
    • 7644
    • x
    • Poddział wspólny
    • =111
    • c
    • Dopowiedzenie poddz. wspólnego
    • =Język angielski.
980 -Symbol UKD [ , ]
    • a
    • UKD
    • 821.111(091)-2"16"=111Shakespeare W.
700 -Hasło dodatkowe - nazwa osobowa [1, ]
    • 9
    • KHW
    • 1041
    • a
    • Nazwa osobowa (NP)
    • Tredell, Nicolas. Find
920 -ISBN [ , ]
    • a
    • ISBN
    • 978-1-4039-9924-5 (hbk) Find
920 -ISBN [ , ]
    • a
    • ISBN
    • 978-1-4039-9925-2 (pbk) Find
920 -ISBN [ , ]
    • a
    • ISBN
    • 1-4039-9924-4 (hbk) Find
920 -ISBN [ , ]
    • a
    • ISBN
    • 1-4039-9925-2 (pbk) Find
Data inwentaryzacji Lokalizacja Status udost. Numer inwentarzowy Sygnatura
2009-06-15BM1A.8499ANG. Shakespeare 44